Elements of the Periodic Table by Symbol - Statistics

General Stats
  • This quiz has been taken 1,186 times
  • The average score is 72 of 118
Answer Stats
Symbol Element % Correct
He helium
99%
H hydrogen
99%
Li lithium
99%
C carbon
98%
O oxygen
98%
N nitrogen
97%
Mg magnesium
96%
Al aluminum
95%
Fe iron
95%
K potassium
94%
Na sodium
94%
Be beryllium
93%
Ca calcium
93%
Zn zinc
93%
Ar argon
92%
Cl chlorine
92%
Ne neon
92%
B boron
91%
Cu copper
91%
F flourine
90%
Au gold
90%
Si silicon
90%
Ag silver
89%
Co cobalt
88%
Ni nickel
88%
P phosphorus
88%
Mn manganese
87%
Kr krypton
86%
S sulfur
85%
Xe xenon
85%
Ti titanium
84%
I iodine
81%
U uranium
81%
Br bromine
80%
Cr chromium
80%
Pb lead
80%
Ga gallium
78%
Ge germanium
78%
As arsenic
77%
Sn tin
77%
Se selenium
76%
V vanadium
74%
Hg mercury
73%
Zr zirconium
71%
Ba barium
70%
Cd cadmium
70%
Fr francium
70%
Sc scandium
70%
W tungsten
70%
Rb rubidium
69%
Cs caesium
67%
Y yttrium
67%
Pu plutonium
66%
Rn radon
65%
Es einsteinium
63%
Bi bismuth
61%
Pd palladium
61%
Ra radium
61%
In indium
60%
Sr strontium
60%
Ir iridium
59%
Am americium
58%
Pt platinum
58%
Po polonium
58%
Cf californium
57%
Eu europium
57%
Os osmium
57%
Np neptunium
52%
Rh rhodium
52%
Rf rutherfordium
52%
Sb antimony
51%
Yb ytterbium
51%
Mo molybdenum
50%
Te tellurium
50%
Hf hafnium
48%
Cm curium
47%
At astatine
46%
No nobelium
45%
Tc technetium
45%
Th thorium
45%
Ru ruthenium
43%
Fm fermium
42%
Tl thallium
42%
Ac actinium
41%
Bk berkelium
41%
Lr lawrencium
41%
La lanthanum
40%
Og oganesson
40%
Ce cerium
39%
Er erbium
39%
Nb niobium
39%
Re rhenium
39%
Md mendelevium
38%
Ts tennessine
38%
Ho holmium
35%
Lv livermorium
35%
Pm promethium
35%
Nd neodymium
34%
Sg seaborgium
34%
Bh bohrium
32%
Db dubnium
32%
Dy dysprosium
32%
Sm samarium
32%
Ta tantalum
31%
Gd gadolinium
30%
Lu lutetium
30%
Nh nihonium
30%
Mc moscovium
29%
Tb terbium
29%
Hs hassium
28%
Rg roentgenium
28%
Pr praseodymium
27%
Ds darmstadtium
24%
Pa protactinium
24%
Tm thulium
24%
Fl flerovium
23%
Mt meitnerium
23%
Cn copernicium
21%
No matching quizzes found
Score Distribution
Percent of People with Each Score
Percentile by Number Answered
Your Score History
You have not taken this quiz